| 000 | 00901nam a22002657a 4500 | ||
|---|---|---|---|
| 005 | 20130524111009.0 | ||
| 010 | _aENG-107252 | ||
| 020 |
_a9781259064678 _c550.00 |
||
| 020 |
_a1259064670 _c550.00 |
||
| 035 | _aEN-90785 | ||
| 037 | _bDBAD/PUB | ||
| 082 | _a005.74 | ||
| 100 | _aDean, Paula | ||
| 245 |
_aPeopleSoft PeopleTools data management and upgrade handbook / _cby Paula Dean [and] Jim J. Marion |
||
| 260 |
_aNew Delhi _bTata McGraw Hill _c2013 |
||
| 270 |
_aP-24, Green Park Park, Extention _bNew Delhi _e110095 |
||
| 300 |
_axix, 328p.: _bill. _c24cm(pbk) |
||
| 500 | _a Includes bibliographical references and index. | ||
| 650 | _a PeopleSoft software. | ||
| 650 | _aDatabase management. | ||
| 650 |
_a Computer software . _x Development |
||
| 650 |
_a Business enterprises _x Computer networks. |
||
| 700 | _aMarion, Jim J. | ||
| 942 |
_2ddc _cEN _h005.74 _mDEA |
||
| 999 |
_c75892 _d75892 |
||